| 000 | 01655nam a2200265 i 4500 | ||
|---|---|---|---|
| 001 | 18333 | ||
| 003 | DO-SdUEMH | ||
| 005 | 20260113214325.0 | ||
| 007 | ta | ||
| 008 | 260113s1997 dr |||gr|||| 00| 0dspa d | ||
| 040 |
_aDO-SdUEMH _bspa _erda |
||
| 041 | _aspa | ||
| 082 | 1 | 4 |
_mRD _bG887 |
| 100 | 1 | _eaut | |
| 245 |
_aLos Extranjeros y el Derecho Dominicano / _cDomingo Grullón |
||
| 264 | 1 |
_aSanto Domingo, República Dominicana : _bCalcaños & Asocs, _c1997 |
|
| 264 | 4 | _c©1997 | |
| 300 |
_a118 páginas : _c20 cm. |
||
| 336 |
_2rdacontent _atexto _btxt |
||
| 337 |
_2rdamedia _asin mediación _bn |
||
| 338 |
_2rdacarrier _avolumen _bnc |
||
| 504 | _aContiene Información Bibliográfica a Final de la Obra. | ||
| 505 | 2 | _aConvención sobre los extranjeros -- Clasificación de los extranjeros -- Extranjeros exentos de la renovación del permiso de residencia -- Extranjeros excluidos de entrar a Rep. Dom. -- Lista de tripulación de pasajeros -- Control sanitario de inmigración -- La Tarjeta de Turismo -- El Documento de Viaje -- Certificaciones -- El Artículo 3 del Código Civil y los Extranjeros -- Derechos Inmobiliarios y los Extranjeros -- El Extranjero y los Derechos Políticos -- La Fianza Judicatum Solvi -- Representantes de Firmas Extranjeras -- Inversión Extranjera en Rep. Dom. -- Requisitos exigidos a los extranjeros para contraer matrimonio -- El Departamento Consular de la Cancillería de la República Dominicana -- Extranjeros y delincuencia -- Ley Nº 489 Sobre Extradición -- Ley Nº 200 Sobre Impedimento de Salida -- El Asilo Diplomático -- Los Refugiados -- La “Solidaridad” dominicana. | |
| 942 |
_2ddc _cBK _n0 |
||
| 999 |
_c18333 _d18333 |
||